20 joueurs ayant grandi dans la pauvreté. - Statistiques

Statistiques générales
  • Ce quiz a été pris 40 fois
  • Le résultat moyen est 4 sur 20
Statistiques - réponses
Hint Réponse % Correct
Joueur Cristiano Ronaldo
94%
Joueur Neymar
71%
Joueur Zlatan Ibrahimovic
46%
Joueur Samuel Eto’o
43%
Joueur Angel Di Maria
40%
Joueur Carlos Tevez
34%
Joueur Luka Modric
20%
Joueur Alexi Sanchez
17%
Joueur Dani Alves
11%
Joueur Franck Ribéry
9%
Joueur Luis Suarez
6%
Joueur Adriano
3%
Joueur Robinho
3%
Joueur Alexander Hleb
0%
Joueur Antonio Cassano
0%
Joueur Dante
0%
Joueur Steven Pienaar
0%
Joueur Wayne Rooney
0%
Joueur Yaya Touré
0%
Joueur Yuri Zhirkov
0%
Aucun quiz correspondant
Distribution des résultats
% des personnes avec chaque résultat
Percentile par nombre de réponses
Votre historique - résultats
Vous n’avez pas pris ce quiz